Some case studies in rural industries (Record no. 495257)

000 -LEADER
fixed length control field 00410cam a22001457a 4500
008 - FIXED-LENGTH DATA ELEMENTS--GENERAL INFORMATION
fixed length control field 180718b1997 xxu||||| |||| 00| 0 eng d
020 ## - INTERNATIONAL STANDARD BOOK NUMBER
International Standard Book Number 8186602062
082 ## - DEWEY DECIMAL CLASSIFICATION NUMBER
Classification number T2196 T159
100 ## - MAIN ENTRY--PERSONAL NAME
Personal name Taori, Kamal
245 ## - TITLE STATEMENT
Title Some case studies in rural industries
Statement of responsibility, etc. by Kamal Taori
260 ## - PUBLICATION, DISTRIBUTION, ETC.
Place of publication, distribution, etc. New Delhi
Name of publisher, distributor, etc. JMD
Date of publication, distribution, etc. 1997
300 ## - PHYSICAL DESCRIPTION
Extent 183p.
650 ## - SUBJECT ADDED ENTRY--TOPICAL TERM
Topical term or geographic name entry element Food supplyAgriculture and --Case studies
650 ## - SUBJECT ADDED ENTRY--TOPICAL TERM
Topical term or geographic name entry element Biomass energy
Holdings
Withdrawn status Lost status Damaged status Not for loan Permanent Location Current Location Date acquired Full call number Barcode Date last seen Price effective from Koha item type
        Indian Institute of Public Administration Indian Institute of Public Administration 2018-08-04 T2196 T159 GR18408 2018-08-04 2018-08-04 GR

Powered by Koha